000
00342 a2200169 4500
001
50047
020
_a
8505058195
040
_c
Anchieta - Bela Vista
100
_a
Ragache, Gilles
240
1
0
_a
A Europa
_l
por
245
1
0
_a
A Europa
300
_a
48
362
0
_a
1996
440
1
_a
Ática
650
4
_a
Literatura juvenil
942
_c
BK
999
_c
50047
_d
50047